[Event "FSIMB March"]
[Site "Budapest HUN"]
[Date "2009.03.09"]
[Round "3"]
[White "Carlstedt,J"]
[Black "Kahn,E"]
[Result "1/2-1/2"]
[WhiteElo "2293"]
[BlackElo "2290"]

1.c4 c6 2.g3 d5 3.Bg2 Nf6 4.Nf3 g6 5.O-O Bg7 6.Na3 O-O 7.b4 dxc4 8.Nxc4 Nd5
9.Rb1 Bf5 10.Rb3 Nd7 11.d3 Nc3 12.Qc2 Nb5 13.a4 Nd6 14.e4 Be6 15.Rb1 Nxc4
16.dxc4 Ne5 17.Nxe5 Bxe5 18.Rd1 Qc7 19.f4 Bg7 20.f5 Bc8 21.Bf4 Be5 22.Bh6 Re8
23.c5 e6 24.fxg6 hxg6 25.Bg5 Bg7 26.Rd6 e5 27.Qd2 Be6 28.a5 f6 29.Bh6 Rad8
30.Rf1 Rxd6 31.cxd6 Bxh6 32.Qxh6 Qg7 33.Qe3 a6 34.Qb6 Rf8 35.Rd1 Rf7 36.Qd8+ Qf8
37.Qb6 Rd7 38.Qc5  1/2-1/2

[Event "10th EICC"]
[Site "Budva MNE"]
[Date "2009.03.10"]
[Round "5"]
[White "Dedic,S"]
[Black "Rajcevic,S"]
[Result "0-1"]
[WhiteElo "1968"]
[BlackElo "2161"]

1.c4 c6 2.d4 d5 3.e3 Nf6 4.Nc3 e6 5.Bd2 Nbd7 6.Nf3 Bd6 7.Bd3 O-O 8.O-O e5
9.dxe5 Nxe5 10.Nxe5 Bxe5 11.cxd5 cxd5 12.h3 Be6 13.Rb1 a6 14.a4 Rc8 15.Qe2 Re8
16.Rfc1 Bc7 17.Qf3 Qd6 18.Qf4 Qe7 19.Qh4 Qd6 20.Qf4 Qd7 21.Qh4 Bf5 22.Bxf5 Qxf5
23.Qb4 b6 24.Qd4 Qe6 25.Qd3 Ra8 26.b4 Bd6 27.Rd1 Red8 28.Be1 Be5 29.b5 a5
30.Ne2 Ne4 31.Nd4 Bxd4 32.Qxd4 Rac8 33.Rbc1 Nc5 34.Rc3 Qe4 35.f3 Qxd4 36.Rxd4 Kf8
37.Kf2 Ke7 38.Ke2 Ke6 39.Kd2 Nd7 40.Kc2 Rxc3+ 41.Bxc3 Rc8 42.Kb2 Nc5 43.Be1 f5
44.h4 h5 45.Bg3 g6 46.Bf4 Nd7 47.e4 fxe4 48.fxe4 Nf6 49.exd5+ Nxd5 50.Re4+ Kf6
51.Bg5+ Kf5 52.Rd4 Ke5 53.Rd1 Rc4 54.Re1+ Kd4 55.Ka3 Rc3+ 56.Kb2 Rg3 57.Re2 Kc4
58.Bd2 Kd3 59.Rf2 Rg4 60.Bg5 Rxa4 61.Rf7 Rb4+ 62.Ka3 Kc4 63.Bd8 Rb3+  0-1

[Event "10th EICC w"]
[Site "St Petersburg RUS"]
[Date "2009.03.10"]
[Round "3"]
[White "Khurtsidze,N"]
[Black "Chasovnikova,E"]
[Result "1-0"]
[WhiteElo "2421"]
[BlackElo "2302"]

1.c4 c6 2.d4 d5 3.Nf3 Nf6 4.e3 e6 5.Bd3 Nbd7 6.O-O Bd6 7.Nbd2 O-O 8.e4 e5
9.cxd5 cxd5 10.Re1 Qc7 11.exd5 exd4 12.Nc4 Bb4 13.d6 Bxd6 14.Nxd6 Qxd6 15.Nxd4 Nc5
16.Bc2 Rd8 17.Be3 Ng4 18.Nf3 Nxe3 19.Qxd6 Rxd6 20.Rxe3 Bd7 21.Rc1 b6 22.Ne5 Be6
23.b4 Nd7 24.Be4 Re8 25.Nc6 g6 26.a3 a6 27.h3 Kg7 28.Bf3 Rc8 29.Rec3 Nf6
30.Nd4 Rxd4 31.Rxc8 Bxc8 32.Rxc8 Rd3 33.Rc6 Nd7 34.a4 Rd4 35.a5 Rxb4 36.Rd6 Ne5
37.Rxb6 Rxb6 38.axb6 Kf8 39.Be2 Nd7 40.b7 a5 41.Bb5 Nb8 42.Kf1 Ke7 43.Ke2 Kd6
44.Kd3 Kc7 45.Kd4 f6 46.Kd5 Kxb7 47.Ke6 Kb6 48.Ba4 f5 49.Kf6 Nc6 50.Kg7 Ne5
51.Kxh7 f4 52.Kg7 Kc5 53.Kf6 Kd4 54.f3 Nd3 55.Kxg6 Ne1 56.h4 Nxg2 57.h5 Nh4+
58.Kf6 Nxf3 59.h6 Nd2 60.h7 f3 61.h8=Q f2 62.Bb5 Kc5 63.Qh5+ Kb4 64.Qd5 f1=Q+
65.Bxf1 Nxf1 66.Qd4+ Kb3 67.Qd3+ Kb2 68.Qe2+  1-0

[Event "10th EICC"]
[Site "Budva MNE"]
[Date "2009.03.11"]
[Round "6"]
[White "Jankovic,A"]
[Black "Matsenko,S"]
[Result "1/2-1/2"]
[WhiteElo "2571"]
[BlackElo "2429"]

1.c4 c6 2.e4 d5 3.exd5 cxd5 4.d4 Nf6 5.Nc3 e6 6.Nf3 Be7 7.cxd5 Nxd5 8.Bd3 Nc6
9.O-O O-O 10.Re1 Nf6 11.a3 b6 12.Bg5 Bb7 13.Bc2 Rc8 14.Qd3 g6 15.Rad1 Nd5
16.Bh6 Re8 17.Nxd5 Qxd5 18.Ba4 Qa5 19.Bb5 a6 20.Bc4 Qh5 21.Bd2 b5 22.Ba2 Rcd8
23.h3 Bf6 24.Bc3 Ne7 25.Nh2 Bg7 26.Ng4 Nd5 27.Bd2 Ne7 28.Bh6 Nd5 29.Re5 f5
30.Bxg7 Kxg7 31.Bxd5 exd5 32.Ne3  1/2-1/2

[Event "10th EICC"]
[Site "Budva MNE"]
[Date "2009.03.11"]
[Round "6"]
[White "Mastrovasilis,A"]
[Black "Sakaev,K"]
[Result "1/2-1/2"]
[WhiteElo "2486"]
[BlackElo "2619"]

1.c4 c6 2.e4 d5 3.cxd5 cxd5 4.exd5 Nf6 5.Nf3 Nxd5 6.Bc4 Nb6 7.Bb3 g6 8.Ne5 e6
9.O-O Bg7 10.d4 O-O 11.Nc3 Nc6  1/2-1/2

[Event "10th EICC"]
[Site "Budva MNE"]
[Date "2009.03.14"]
[Round "8"]
[White "Djurovic,G"]
[Black "Pecurica,M"]
[Result "0-1"]
[WhiteElo "2279"]
[BlackElo "1934"]

1.c4 c6 2.e4 d5 3.exd5 cxd5 4.cxd5 Nf6 5.Nc3 Nxd5 6.Nf3 Nc6 7.Bb5 e6 8.O-O a6
9.Bxc6+ bxc6 10.d4 Bd6 11.Ne4 O-O 12.Bg5 f6 13.Bh4 Be7 14.Rc1 g5 15.Bg3 f5
16.Nfxg5 Bxg5 17.Nxg5 Qxg5 18.Bd6 Rf7 19.f4 Qd8 20.Be5 Ne3 21.Qh5 Ng4 22.Rfd1 Rd7
23.Rc4 Nxe5 24.fxe5 Bb7 25.Rd3 Rg7 26.Qh6 Qd5 27.Rc2 Qe4 28.Qxe6+ Kh8  0-1

[Event "10th EICC"]
[Site "Budva MNE"]
[Date "2009.03.15"]
[Round "9"]
[White "Maevsky,N"]
[Black "Kruljac,P"]
[Result "1-0"]
[WhiteElo "2223"]
[BlackElo "2052"]

1.c4 c6 2.Nf3 d5 3.e3 e6 4.Nc3 Nf6 5.b3 Be7 6.Bb2 O-O 7.Be2 Nbd7 8.Qc2 a6
9.O-O b5 10.d4 Bb7 11.Rad1 Rc8 12.c5 Qc7 13.b4 Rfe8 14.Ne5 Nxe5 15.dxe5 Nd7
16.f4 f6 17.Bd3 Nf8 18.Ne2 f5 19.Nd4 a5 20.a3 axb4 21.axb4 Ra8 22.Kh1 Ra2
23.g4 g6 24.Rg1 Kh8 25.Rg2 fxg4 26.Rxg4 Rea8 27.Qc3 g5 28.Rdg1 Qd7 29.f5 exf5
30.Bxf5 Qe8 31.Nxc6 Rxb2 32.e6+ Kg8 33.Nxe7+ Qxe7 34.Rxg5+  1-0

[Event "10th EICC Playoff"]
[Site "Budva MNE"]
[Date "2009.03.18"]
[Round "4.3"]
[White "Tomashevsky,E"]
[Black "Malakhov,V"]
[Result "1-0"]
[WhiteElo "2664"]
[BlackElo "2692"]

1.c4 c6 2.Nf3 d5 3.Nc3 Nf6 4.e3 a6 5.Be2 g6 6.O-O Bg7 7.d4 O-O 8.Bd2 e6 9.Rc1 Nbd7
10.Qb3 Ne4 11.Rfd1 f5 12.Be1 Kh8 13.Bf1 g5 14.Nd2 g4 15.Ne2 Ndf6 16.Nxe4 Nxe4
17.Nf4 Rf6 18.cxd5 exd5 19.f3 gxf3 20.gxf3 Ng5 21.Bg2 Rh6 22.Bg3 Qe7 23.Rf1 Be6
24.Rce1 Rg8 25.Qd3 Bc8 26.Kf2 Qf7 27.Rh1 Ne6 28.Reg1 Nxf4 29.Bxf4 Rg6 30.Bf1 Bf6
31.Rxg6 Qxg6 32.Qa3 Qg7 33.Qd6 Rd8 34.Qb4 Rg8 35.a4 h6 36.b3 Kh7 37.Qd2 Qe7
38.Qc2 Bg5 39.Bxg5 Qxg5 40.Qd3 Kh8 41.Qc3 f4 42.exf4 Qh4+ 43.Ke3 Re8+ 44.Kd2 Qxf4+
45.Kc2 Re3 46.Qa5 Bf5+ 47.Kb2 Qxd4+ 48.Ka2 Re1 49.Qxe1 Bg6 50.Qa1  1-0

[Event "SPICE Spring Inv"]
[Site "Lubbock USA"]
[Date "2009.03.18"]
[Round "4"]
[White "Gareev,T"]
[Black "Kacheishvili,G"]
[Result "1/2-1/2"]
[WhiteElo "2580"]
[BlackElo "2590"]

1.c4 c6 2.Nf3 Nf6 3.Nc3 d5 4.d4 a6 5.c5 Bf5 6.Bf4 Nbd7 7.e3 e6 8.Bd3 Be7
9.O-O O-O 10.h3 Rc8 11.b4 Re8 12.a4 b6 13.Bxf5 exf5 14.Qc2 g6 15.cxb6 Qxb6
16.Bg5  1/2-1/2

[Event "TOP 16 GpA"]
[Site "Clichy FRA"]
[Date "2009.03.20"]
[Round "1"]
[White "Adla,D"]
[Black "Babault,P"]
[Result "0-1"]
[WhiteElo "2508"]
[BlackElo "2348"]

1.c4 c6 2.e4 d5 3.exd5 cxd5 4.cxd5 Nf6 5.Nc3 Nxd5 6.Nf3 Nc6 7.Bb5 e6 8.O-O Be7
9.d4 O-O 10.Re1 Bd7 11.Bd3 Bf6 12.Be4 Nce7 13.Qd3 g6 14.h4 Bc6 15.Bg5 Nf5
16.Bxd5 Bxd5 17.Nxd5 exd5 18.Re5 Nxh4 19.Bxh4 Bxh4 20.Qb5 a6 21.Qxb7 Rb8
22.Qxa6 Rxb2 23.Re2 Rb6 24.Qd3 Bf6 25.a4 Qd6 26.a5 Ra6 27.Rb2 Rfa8 28.Rb5 Bd8
29.Qc3 Kg7 30.Ne5 Bf6 31.Ng4 Qd7  0-1

[Event "Spring Open"]
[Site "Belgrade SRB"]
[Date "2009.03.21"]
[Round "1"]
[White "Ostojic,S"]
[Black "Nadj Hedjesi,B"]
[Result "0-1"]
[WhiteElo "1928"]
[BlackElo "2348"]

1.c4 c6 2.Nc3 d5 3.cxd5 cxd5 4.d4 Nf6 5.Nf3 Nc6 6.g3 Bf5 7.Qa4 a6 8.Ne5 Qb6
9.Nxc6 bxc6 10.Bg2 e6 11.O-O Be7 12.h3 O-O 13.Qd1 Rfc8 14.Na4 Qb5 15.Be3 Ne4
16.Rc1 Rab8 17.g4 Bg6 18.Bf4 Rb7 19.f3 Nd6 20.Nc5 Ra7 21.b3 Nb7 22.Nxb7 Rxb7
23.e4 Rd7 24.Kh2 dxe4 25.fxe4 Rcd8 26.Qc2 Ba3 27.Rcd1 Rxd4 28.Rxd4 Rxd4 29.Rd1 e5
30.Be3 Rxd1 31.Qxd1 h6 32.h4 Qb4 33.Qd3 h5 34.g5 Qe1 35.Kh3 Bc1 36.Bxc1 Qxc1
37.b4 Qe1 38.a3 Kh7 39.Bf3 a5 40.bxa5 Qxa5 41.Kg3 c5 42.Kf2 Qb6 43.Ke1 f6
44.Qd1 c4 45.Kf1 fxg5 46.hxg5 Qe3 47.Qe2 Qxa3 48.Kg2 Qc1 49.Kh3 c3  0-1

[Event "TOP 16 GpA"]
[Site "Mulhouse FRA"]
[Date "2009.03.21"]
[Round "2"]
[White "Hauchard,A"]
[Black "Fargere,Fr"]
[Result "1-0"]
[WhiteElo "2497"]
[BlackElo "2444"]

1.c4 c6 2.Nf3 d5 3.d4 Nf6 4.Nc3 a6 5.c5 Nbd7 6.Bf4 g6 7.e3 Bg7 8.Bd3 O-O
9.O-O Nh5 10.Bg5 h6 11.Bh4 f5 12.Nd2 Nhf6 13.Na4 e5 14.dxe5 Nxe5 15.Be2 g5
16.Bg3 Ne4 17.Nxe4 fxe4 18.Nb6 Rb8 19.b4 Be6 20.a4 Qf6 21.b5 axb5 22.axb5 Rbd8
23.Ra4 Bf5 24.bxc6 bxc6 25.Qb3 Kh8 26.Ra7 Nd3 27.Bd6 Rf7 28.Qa4 Rxa7 29.Qxa7 Qb2
30.Qc7 Rg8 31.Bh5 d4 32.Nc4 Qc3 33.Ne5 dxe3 34.Nf7+ Kh7 35.fxe3 Qd2 36.Bg3 Ra8
37.Kh1 Ra2 38.Rg1 Qxe3 39.h3 Nxc5 40.Nd6 Ne6 41.Qf7  1-0

[Event "Open B"]
[Site "Zagreb CRO"]
[Date "2009.03.22"]
[Round "2"]
[White "Frank,V"]
[Black "Hudolin,K"]
[Result "0-1"]
[WhiteElo "2211"]
[BlackElo "2065"]

1.c4 c6 2.Nf3 d5 3.b3 Bf5 4.Bb2 e6 5.g3 Nf6 6.Bg2 Be7 7.d3 O-O 8.O-O Nbd7
9.Nbd2 h6 10.Rc1 Rc8 11.Rc2 Qa5 12.a3 Bxa3 13.Bxf6 Nxf6 14.Ra2 Qc5 15.Qa1 Bb4
16.Rxa7 Qb6 17.Ra2 Rfd8 18.Ne5 d4 19.Nb1 Qc5 20.Nf3 g5 21.Qb2 e5 22.Nfd2 Ra8
23.f3 Kg7 24.h3 Ra5 25.Ne4 Nxe4 26.fxe4 Be6 27.Nd2 Rda8 28.Rxa5 Qxa5 29.Nf3 f6
30.Rb1 Qa2 31.Kf2 Qxb2 32.Rxb2 Ra1 33.Nd2 h5 34.Rb1 Rxb1 35.Nxb1 g4 36.hxg4 hxg4
37.e3 dxe3+ 38.Ke2 Kf7 39.Kxe3 Be1 40.Nd2 Bxg3 41.Nf1 Bf4+ 42.Kf2 Kg6 43.Ng3 Kg5
44.b4 Bd2 45.b5 cxb5 46.cxb5 Bd7 47.Nf5 Bxb5 48.Nd6 Bc6 49.Nf7+ Kf4 50.Nd8 Be3+
51.Ke2 Bb6 52.Nxc6 bxc6 53.Bh1 Kg3 54.Kf1 Kh2 55.Bg2  0-1

[Event "Open"]
[Site "Reykjavik ISL"]
[Date "2009.03.24"]
[Round "1"]
[White "Helgadottir,S"]
[Black "Cohen,Or"]
[Result "0-1"]
[WhiteElo "1646"]
[BlackElo "2286"]

1.c4 c6 2.e4 d5 3.exd5 cxd5 4.d4 Nf6 5.Nc3 g6 6.Nf3 Bg7 7.Bf4 Nc6 8.Nb5 O-O
9.Nc7 Nh5 10.Nxd5 Nxf4 11.Nxf4 Nxd4 12.Nxd4 Bxd4 13.Qd2 Qb6 14.Rb1 Bf5 15.Nd5 Bxf2+
16.Kd1 Qd6 17.Rc1 Rad8 18.Qxf2 e6  0-1

[Event "Open B"]
[Site "Zagreb CRO"]
[Date "2009.03.24"]
[Round "4"]
[White "Frouth,N"]
[Black "Muha,Z"]
[Result "1-0"]
[WhiteElo "2200"]
[BlackElo "2122"]

1.c4 c6 2.d4 d5 3.Nc3 e6 4.Nf3 f5 5.e3 Nf6 6.Bd3 Be7 7.O-O O-O 8.Ne5 Nbd7
9.cxd5 cxd5 10.Nxd7 Bxd7 11.Qb3 Bc6 12.Bd2 Bd6 13.f3 Kh8 14.Nb5 Bxb5 15.Qxb5 Qe7
16.Rfc1 Rac8 17.Qb3 Rfd8 18.Ba5 Rf8 19.a3 Qd7 20.Bb4 Bxb4 21.Qxb4 Rxc1+ 22.Rxc1 Rc8
23.Rc5 b6 24.Rc3 h6 25.Ba6 Rc7 26.Qf8+ Kh7 27.Bc8 Qe7 28.Qxe7 Rxe7 29.Rc6 g6
30.Bxe6 Kg7 31.Kf2 h5 32.h4 Rb7 33.Kg3 a5 34.b3 b5 35.Kf4 b4 36.a4 Ra7 37.Rc5 Kf8
38.Bxd5 Ke7 39.Rb5 Kd6 40.Bc4 Nd7 41.Kg5 Ra8 42.Kxg6  1-0

[Event "25th Spring Festival"]
[Site "Budapest HUN"]
[Date "2009.03.26"]
[Round "7"]
[White "Sebestyen,Bala"]
[Black "Horvath,Dav"]
[Result "1/2-1/2"]
[WhiteElo "2283"]
[BlackElo "2154"]

1.c4 c6 2.e4 e5 3.Nf3 d6 4.d4 Bg4 5.Be2 Bxf3 6.Bxf3 Nd7 7.Nc3 Ngf6 8.O-O Be7
9.Be3 O-O 10.a3 Qc7 11.Be2 Rfe8 12.d5 h6 13.b4 a5 14.Qd2 Bf8 15.f3 axb4 16.axb4 c5
17.Nb5 Qb6 18.Rfb1 Ra6 19.Rxa6 bxa6 20.Nc3 Qc7 21.b5 Ra8 22.Ra1 a5 23.Na4 Nb6
24.Qe1 Nxa4 25.Rxa4 Be7 26.Bd2 Bd8 27.Qg3 Nh5 28.Qe1 Nf6 29.Bd3 Nd7 30.Qg3 Kf8
31.Qh3 Qc8 32.g3 Nb6 33.Qxc8 Nxc8 34.f4 Bb6 35.Kf2 Ke7 36.Be2 Ke8 37.h4 f6
38.Bg4 Ne7 39.Be6 Kd8 40.Kf3 Ng6 41.f5 Nf8 42.g4 Ke7 43.g5 hxg5 44.hxg5 Nh7
45.g6 Ng5+ 46.Ke3 Rh8 47.Bxa5 Ra8 48.Bxb6 Rxa4 49.Bc7 Nxe6 50.fxe6 Rxc4 51.b6 Rb4
52.Kd3 Rb5  1/2-1/2

[Event "Open"]
[Site "Reykjavik ISL"]
[Date "2009.03.26"]
[Round "3"]
[White "Helgadottir,S"]
[Black "Gardarsson,Ho"]
[Result "1-0"]
[WhiteElo "1646"]
[BlackElo "1951"]

1.c4 c6 2.Nc3 d5 3.d4 Nf6 4.Nf3 dxc4 5.a4 Bf5 6.e3 Nbd7 7.Bxc4 e6 8.O-O Bb4
9.Ne2 O-O 10.Ng3 Bg6 11.Nh4 a5 12.Nxg6 hxg6 13.e4 e5 14.Bg5 Qc7 15.Rc1 exd4
16.Qxd4 Rfe8 17.Ba2 Qe5 18.Qxe5 Nxe5 19.Rfd1 Neg4 20.h3 Nh6 21.f3 Nh7 22.Be3 Nf8
23.Kf2 Rad8 24.Ne2 Rxd1 25.Rxd1 Re7 26.Nf4 Kh7 27.Nd3 f5 28.e5 Ne6 29.Nxb4 axb4
30.Bxe6 Rxe6 31.f4 Nf7 32.Rd7 Kg8 33.Rxb7 g5 34.g3 gxf4 35.gxf4 g5 36.Rxb4 gxf4
37.Bxf4 Nxe5 38.Bxe5 Rxe5 39.Rc4 Ra5 40.b3 Ra6 41.Ke3 Kf7 42.Kf4 Kg6 43.h4 Kf6
44.h5 Rb6 45.b4 Ke6 46.h6 Kf6 47.h7 Kg7 48.h8=Q+ Kxh8 49.Kxf5 Kg7 50.Ke5 Kf7
51.Kd6 Ke8 52.Kc7 Ra6 53.a5  1-0

[Event "Open"]
[Site "Reykjavik ISL"]
[Date "2009.03.26"]
[Round "3"]
[White "Conquest,S"]
[Black "Vernay,C"]
[Result "1-0"]
[WhiteElo "2531"]
[BlackElo "2339"]

1.c4 c6 2.e4 d5 3.exd5 cxd5 4.d4 Nf6 5.Nc3 e6 6.Nf3 Be7 7.cxd5 Nxd5 8.Bd3 Nxc3
9.bxc3 Qc7 10.Qc2 Nd7 11.O-O Nf6 12.Ne5 O-O 13.Bf4 Bd6 14.Rae1 h6 15.Bd2 Nd7
16.f4 b6 17.Rf3 Bb7 18.Rg3 Be7 19.Re2 Bh4 20.Rh3 Nxe5 21.fxe5 Qe7 22.Qc1 Rfc8
23.Bxh6 Rxc3 24.Qxc3 gxh6 25.Rc2 Rd8 26.Re3 Bg5 27.Ree2 Qd7 28.Be4 Ba6 29.Red2 Bxd2
30.Rxd2 Qe7 31.Qg3+ Qg5 32.Qxg5+ hxg5 33.Kf2 Rc8 34.Kg3 Rc1 35.Kg4 Bc4 36.Kxg5 Kg7
37.h4 Ra1 38.h5 Rxa2 39.h6+ Kh8 40.Rxa2 Bxa2 41.Kf6  1-0

[Event "25th Spring Festival"]
[Site "Budapest HUN"]
[Date "2009.03.27"]
[Round "8"]
[White "Papp,T1"]
[Black "Horvath,Dav"]
[Result "1-0"]
[WhiteElo "2315"]
[BlackElo "2154"]

1.c4 c6 2.e4 e5 3.Nf3 d6 4.d4 Bg4 5.Be2 Nd7 6.Nc3 exd4 7.Nxd4 Bxe2 8.Ndxe2 Qc7
9.O-O Ngf6 10.b3 g6 11.Ba3 Rd8 12.Qd4 Qb6 13.Rad1 Qxd4 14.Rxd4 c5 15.Rd2 a6
16.Bb2 Rg8 17.Rfd1 Ne5 18.f4 Nc6 19.e5 dxe5 20.Rxd8+ Nxd8 21.fxe5 Nd7 22.Ne4 Be7
23.Nf4 Ne6 24.Nd5 h5 25.Nxe7 Kxe7 26.Rxd7+  1-0

[Event "Open"]
[Site "Reykjavik ISL"]
[Date "2009.03.27"]
[Round "4"]
[White "Marin,Mi"]
[Black "Ris,R"]
[Result "1-0"]
[WhiteElo "2556"]
[BlackElo "2436"]

1.c4 c6 2.g3 Nf6 3.Bg2 d5 4.Nf3 dxc4 5.O-O Nbd7 6.Na3 Nb6 7.Qc2 Qd5 8.Ne1 Bf5
9.Bxd5 Bxc2 10.Bxc6+ bxc6 11.Nexc2 e6 12.b3 cxb3 13.axb3 a5 14.Bb2 Kd7 15.Ne3 Bxa3
16.Rxa3 Ra6 17.Bd4 Rha8 18.Rfa1 Ne8 19.b4 a4 20.Bxb6 Rxb6 21.Rxa4 Rxa4 22.Rxa4 f6
23.Nc4 Rb5 24.d4 Nc7 25.Nb2 e5 26.dxe5 Rxe5 27.Kf1 Rb5 28.Nd3 Kd6 29.h4 g5
30.hxg5 fxg5 31.e4 g4 32.Ke2 h5 33.Ke3 Ne6 34.Ra6 Rb8 35.Ra5 Rf8 36.Rf5 Rxf5
37.exf5 Ng5 38.Kf4 Nh3+ 39.Ke4 Ng5+ 40.Kd4 Nf3+ 41.Kc4 Nd2+ 42.Kc3 Nf3 43.f6 Ke6
44.Kc4 Kxf6 45.Kc5 Kf5 46.Kxc6 Ke4 47.Nc5+ Kd4 48.Ne6+ Ke5 49.Nf4 h4 50.Ng6+ Ke4
51.gxh4 Kd3 52.h5 Ke2 53.h6 Kxf2 54.h7 g3 55.h8=Q g2 56.Nf4  1-0

[Event "25th Spring Festival"]
[Site "Budapest HUN"]
[Date "2009.03.28"]
[Round "9"]
[White "Schenkerik,C"]
[Black "Kabai,Z"]
[Result "1/2-1/2"]
[WhiteElo "2215"]
[BlackElo "1894"]

1.c4 c6 2.e4 d5 3.exd5 cxd5 4.d4 Nf6 5.Nc3 e6 6.Nf3 Be7 7.Bd3 dxc4 8.Bxc4 O-O
9.O-O Nc6 10.a3 b6 11.Qd3 Bb7 12.Ba2 Rc8 13.Bg5 Re8 14.Rad1 h6 15.Bh4 Nd5
16.Nxd5 Bxh4 17.Nxh4 Qxh4 18.g3 Qxd4 19.Qxd4 Nxd4 20.Rxd4 exd5 21.Bxd5 Bxd5
22.Rxd5 Rc2 23.Rd7 a5 24.b4 axb4 25.axb4 Rb2 26.Rc1 Rxb4 27.Rcc7 Rf8 28.Rb7 Rb1+
29.Kg2 b5 30.Rd5 b4 31.Rdb5  1/2-1/2

[Event "Battle of the GMs"]
[Site "Dapitan PHI"]
[Date "2009.03.28"]
[Round "7"]
[White "Gonzales,Jay"]
[Black "Paragua,M"]
[Result "1-0"]
[WhiteElo "2468"]
[BlackElo "2537"]

1.c4 c6 2.Nf3 d5 3.d4 Nf6 4.e3 Bg4 5.Qb3 Qb6 6.Nc3 e6 7.Nh4 Bh5 8.h3 g5 9.Nf3 Bxf3
10.gxf3 dxc4 11.Bxc4 Nbd7 12.e4 Qxb3 13.Bxb3 h6 14.Be3 Bb4 15.O-O-O O-O-O
16.h4 gxh4 17.Rxh4 c5 18.Nb5 cxd4 19.Rxd4 a5 20.Rxh6 Rxh6 21.Bxh6 Rg8 22.Bf4 e5
23.Rc4+ Kd8 24.Be3 Rg1+ 25.Kc2 b6 26.Rc6 Bc5 27.Bxc5 bxc5 28.Nc3 Rg2 29.Nd1 Ke7
30.Ba4 Rh2 31.Kd2  1-0

[Event "Nashua Open"]
[Site "Nashua USA"]
[Date "2009.03.28"]
[Round "3"]
[White "Ivanov,AV USA"]
[Black "Kelleher,W"]
[Result "1-0"]
[WhiteElo "2540"]
[BlackElo "2366"]

1.c4 c6 2.e4 d5 3.cxd5 cxd5 4.exd5 Nf6 5.Qa4+ Bd7 6.Qb3 Na6 7.Nc3 Nc5 8.Qd1 Rc8
9.Nf3 Bf5 10.Ne5 g6 11.Be2 Bg7 12.O-O O-O 13.Bf3 Rb8 14.d4 Nce4 15.Qc2 a5
16.Be2 Nxd5  1-0

[Event "TCh-NED 2008-9"]
[Site "Netherlands NED"]
[Date "2009.03.28"]
[Round "7"]
[White "De Groote,J"]
[Black "De Jager,J"]
[Result "1/2-1/2"]
[WhiteElo "1995"]
[BlackElo "2361"]

1.c4 c6 2.g3 d5 3.Bg2 Nf6 4.Nf3 dxc4 5.O-O Nbd7 6.Qc2 e5 7.Qxc4 Bd6 8.b3 O-O
9.Bb2 Qe7 10.d3 Nb6 11.Qc2 Bf5 12.Nh4 Bd7 13.a3 Rfe8 14.Nd2 Rad8 15.Ne4 Nxe4
16.dxe4 Bc5 17.e3 Nc8 18.Nf5 Qf8 19.Rfd1 f6 20.Bf1 Be6 21.Bc4 Bxc4 22.Qxc4+ Kh8
23.b4 Bb6 24.g4 Nd6 25.Qc2 Nxf5 26.exf5 Rxd1+ 27.Rxd1 Rd8 28.Rxd8 Qxd8 29.e4 h6
30.Kg2 a5 31.h4 axb4 32.axb4 Qd6 33.Bc3 Bd4 34.Bd2 Bb6 35.g5 fxg5 36.hxg5 hxg5
37.b5 Qh6 38.bxc6 bxc6 39.Qb3 Bd4 40.Qg3 Qh4 41.f3 Kg8 42.Bxg5 Qxg3+ 43.Kxg3 Kf7
44.Kg2 g6 45.fxg6+ Kxg6 46.Bh4 Kf7 47.Kf1 c5 48.Ke2 c4 49.Kd2 Ke6 50.Kc2 Kd6
51.Bg5 Bf2 52.Bf6 Bg3 53.Kc3 Kc5 54.Be7+ Kb5 55.Bd6 Be1+ 56.Kc2 Bg3  1/2-1/2

[Event "Open"]
[Site "Reykjavik ISL"]
[Date "2009.03.28"]
[Round "5"]
[White "Andrason,P"]
[Black "Kristinsson,Bj"]
[Result "0-1"]
[WhiteElo "1564"]
[BlackElo "1959"]

1.c4 c6 2.d4 d5 3.cxd5 cxd5 4.Nc3 Nf6 5.Nf3 Nc6 6.Bf4 a6 7.a3 g6 8.e3 Bg7
9.Bd3 O-O 10.h3 e6 11.O-O Nh5 12.Bh2 f5 13.Ne2 Qb6 14.b4 Bd7 15.Rc1 Rac8
16.Qd2 Nf6 17.Ne5 Nxe5 18.Bxe5 Bb5 19.Rxc8 Rxc8 20.Rc1 Bc4 21.Bxc4 Rxc4 22.Rxc4 dxc4
23.Bxf6 Bxf6 24.Nc3 Qd6 25.Qe2 b5 26.a4 Qxb4 27.Qc2 Kf7 28.axb5 axb5 29.Ne2 Be7
30.Nf4 Bd6  0-1

[Event "TCh-AUT 2nd Bundesliga Mitte 2008-9"]
[Site "Austria AUT"]
[Date "2009.03.29"]
[Round "11"]
[White "Horvath,Jo1"]
[Black "Hajnal,Z"]
[Result "1/2-1/2"]
[WhiteElo "2542"]
[BlackElo "2400"]

1.c4 c6 2.e4 d5 3.exd5 cxd5 4.cxd5 Nf6 5.Nc3 Nxd5 6.Nf3 Nxc3 7.bxc3 g6 8.d4 Bg7
9.Bd3 O-O 10.O-O Nc6 11.Re1 Bg4 12.Be4 e5 13.Ba3 Re8 14.dxe5 Qxd1 15.Raxd1 Bxe5
16.c4 Bc3 17.Re3 Bd4 18.Rxd4 Bxf3 19.Bxc6  1/2-1/2

[Event "Spring Open"]
[Site "Belgrade SRB"]
[Date "2009.03.31"]
[Round "9"]
[White "Maksimovic,Mir"]
[Black "Nadj Hedjesi,B"]
[Result "0-1"]
[WhiteElo "2269"]
[BlackElo "2348"]

1.c4 c6 2.g3 d5 3.Bg2 Nf6 4.Nf3 g6 5.b3 Bg7 6.Bb2 O-O 7.O-O a5 8.cxd5 cxd5
9.Nc3 Nc6 10.d4 Bf5 11.Ne5 Rc8 12.Rc1 e6 13.Nxc6 Rxc6 14.e3 Qd7 15.Qe2 Rfc8
16.Qb5 Bf8 17.Qe2 Bb4 18.Na4 Rc2 19.Qf3 Kg7 20.Nc5 R8xc5 21.dxc5 Rxb2 22.Qf4 Rxa2
23.Qe5 Ba3 24.Rfd1 Bb2 25.Rc3 Qb5 26.e4 Bxc3 27.Qxc3 Qe2  0-1

[Event "Congress Premier"]
[Site "Edinburgh SCO"]
[Date "2009.04.03"]
[Round "1"]
[White "McMillan,H"]
[Black "Ferry,E"]
[Result "0-1"]
[WhiteElo "2035"]
[BlackElo "1962"]

1.c4 c6 2.g3 Nf6 3.Bg2 d5 4.Nf3 Bf5 5.O-O Nbd7 6.cxd5 cxd5 7.Qa4 e6 8.Nc3 Be7
9.d3 O-O 10.Bf4 a6 11.Ne5 Nxe5 12.Bxe5 Nd7 13.Bf4 b5 14.Qd1 b4 15.Na4 Rc8
16.Rc1 Rxc1 17.Bxc1 Nb6 18.Bd2 Qd6 19.Nxb6 Qxb6 20.Qb3 Rc8 21.e4 dxe4 22.dxe4 Bg4
23.Be3 Qb5 24.h3 Be2 25.Re1 a5 26.Bf1 Bxf1 27.Rxf1 a4 28.Qd1 Bf6 29.b3 a3
30.Qd6 Rd8 31.Qc7 Qd7 32.Qc4 Bc3 33.Kg2 h6 34.Kf3 Rc8 35.Qe2 f5 36.Qd1 fxe4+
37.Kg2 Qd5 38.Qg4 Rd8 39.Rc1 Qf5 40.Rc2 Qxg4 41.hxg4 Rd1 42.Bc5 Rb1 43.Re2 Rb2
44.Rxe4 Rxb3 45.Rxe6 Rb2 46.Rb6 Rxa2 47.g5 hxg5 48.Kf3 Rb2 49.Kg4 a2 50.Kf5 a1=Q
51.Rb8+ Kh7  0-1

[Event "XXXII Open"]
[Site "Donostia San Sebastian ESP"]
[Date "2009.04.04"]
[Round "1"]
[White "Ramon Gualberto,A"]
[Black "Bhat,V"]
[Result "0-1"]
[WhiteElo "1845"]
[BlackElo "2475"]

1.c4 c6 2.d4 d5 3.Nc3 Nf6 4.Bg5 e6 5.e3 Nbd7 6.cxd5 exd5 7.Bd3 Be7 8.Nf3 Ne4
9.Bxe7 Qxe7 10.Qc2 f5 11.O-O O-O 12.Nd2 Ndf6 13.Rae1 Bd7 14.f3 Nxd2 15.Qxd2 Qd6
16.Qc2 f4 17.Qc1 Nh5 18.Bb1 Qf6 19.b4 Rae8 20.Qc2 g6 21.Qd2 fxe3 22.Rxe3 Qg5
23.Rfe1 Nf4 24.Nd1 Ne6 25.Rd3 Qxd2 26.Rxd2 Rf4 27.Kf2 Kf7 28.Rxe6 Bxe6 29.g3 Rf6
30.Bc2 g5 31.Kg2 Bf5 32.Bxf5 Rxf5 33.Kf2 Ke7 34.Ne3 Rff8 35.Ng4 Kd6 36.Re2 Rxe2+
37.Kxe2 a5 38.a3 axb4 39.axb4 Ra8 40.Ne5 Ra2+ 41.Ke3 Rxh2 42.Nf7+ Ke7 43.Nxg5  0-1

[Event "16th TCh-RUS Premier"]
[Site "Dagomys RUS"]
[Date "2009.04.05"]
[Round "2"]
[White "Vitiugov,N"]
[Black "Deviatkin,A"]
[Result "1/2-1/2"]
[WhiteElo "2688"]
[BlackElo "2566"]

1.c4 c6 2.Nf3 d5 3.e3 Nf6 4.Nc3 g6 5.h3 Bg7 6.d4 O-O 7.Bd3 c5 8.O-O Nbd7
9.cxd5 cxd4 10.exd4 Nb6 11.Bg5 Nbxd5 12.Qb3 Be6 13.Rfe1 Qb6 14.Nxd5 Nxd5
15.Qxb6 axb6 16.a3 Rac8 17.Rac1 Rxc1 18.Rxc1 f6 19.Bd2 Kf7 20.Bc4 Ra8 21.h4 h5
22.g3 Rd8 23.b3 Rd7 24.a4 Nc7 25.Bf4 Nd5 26.Be3 Nc7 27.Ne1 Bd5 28.Nd3 e6
29.Nf4 Bf8 30.Bd3 f5 31.Bc4 Bg7 32.Ne2 Bc6 33.Re1 b5 34.axb5 Bxb5 35.Bf4 Bf8
36.Bxc7 Bxc4 37.bxc4 Rxc7 38.c5 Bg7 39.f4 Rd7 40.Rd1 Bf6 41.Kf2 b6 42.Rc1 Rc7
43.Ke3 bxc5 44.dxc5 e5 45.fxe5 Bxe5 46.Nf4 Rc6 47.Rc2 Bf6 48.Kd3 g5 49.hxg5 Bxg5
50.Nxh5 Be7 51.Kd4 Kg6 52.Nf4+ Kg5 53.Nd3 Bf6+ 54.Kd5 Rc8 55.Nf4 Kg4 56.c6 Bd8
57.Ke6 Ba5 58.Nd5 Re8+ 59.Kf7 Re5 60.Rc5 Bd8 61.Kg6 Re6+ 62.Kf7 Re5 63.Rc4+ Kxg3
64.Rc3+ Kg4 65.Rc4+ Kg3 66.Rc3+ Kg4 67.Rd3 Kg5 68.Rg3+ Kh4 69.Rd3 Kg5 70.Rd1 f4
71.Nxf4 Re7+ 72.Kf8 Kxf4 73.Rxd8 Rc7 74.Rd6 Ke5 75.Rh6 Kd5 76.Ke8 Rxc6 77.Rxc6 Kxc6  1/2-1/2

[Event "16th TCh-RUS HL"]
[Site "Dagomys RUS"]
[Date "2009.04.05"]
[Round "4"]
[White "Zabotin,A"]
[Black "Slugin,S"]
[Result "1/2-1/2"]
[WhiteElo "2486"]
[BlackElo "2439"]

1.c4 c6 2.e4 d5 3.exd5 cxd5 4.cxd5 Nf6 5.Nc3 Nxd5 6.d4 Nxc3 7.bxc3 g6 8.h4 Bg7
9.h5 Nc6 10.Bc4 Qc7 11.Qf3 Ne5 12.Bb5+ Bd7 13.Bxd7+ Nxd7 14.Rb1 Nb6 15.Ne2 Qc6
16.Qxc6+ bxc6 17.hxg6 hxg6 18.Rxh8+ Bxh8 19.Kd2 e5 20.Kd3 O-O-O 21.Ba3 Bf6
22.Bc5 Kc7 23.Bb4  1/2-1/2

[Event "16th TCh-RUS HL"]
[Site "Dagomys RUS"]
[Date "2009.04.06"]
[Round "5"]
[White "Kravchenko,Vl1"]
[Black "Antipov,M2"]
[Result "0-1"]
[WhiteElo "2452"]
[BlackElo "2208"]

1.c4 c6 2.Nf3 d5 3.b3 Bg4 4.Bb2 Nd7 5.d3 Bxf3 6.gxf3 e5 7.e3 Ngf6 8.Rg1 g6
9.d4 exd4 10.Bxd4 Bb4+ 11.Bc3 Bxc3+ 12.Nxc3 Qa5 13.Rc1 O-O 14.cxd5 Nxd5 15.Qd2 Ne5
16.Be2 Nb4 17.Rg4 Nxg4 18.fxg4 Rad8 19.Qb2 Nd3+ 20.Bxd3 Rxd3 21.Ke2 Qa6 22.Ke1 f5
23.gxf5 Rxf5 24.Qe2 Qa3 25.Rc2 Qd6 26.Ne4 Qb4+ 27.Rd2 Rxd2 28.Nxd2 Rc5 29.Kd1 b5
30.e4 Qd4 31.Qg4 Qxf2 32.b4 Rc3 33.Qe6+ Qf7 34.Qc8+ Kg7 35.Qb8 Rd3 36.Qe5+ Qf6
37.Qc7+ Kh6 38.Qxa7 Qf1+  0-1